Behavioural Biases in Investment Decisions of Individuals – a Case Study Approach bakalárska práca

Saved in:
Bibliographic Details
Main Author: Gunišová, Ivana
Corporate Author: Národohospodárska fakulta EU. Katedra financií
Other Authors: Petrenko, Yuliya, 1985-
Format: Book
Language:English
Published: Bratislava 2024
Tags: Add Tag
No Tags, Be the first to tag this record!

MARC

LEADER 00000nbm a2200000 4500
001 0301686
005 20250528145741.9
041 0 |a eng 
044 |a SK 
245 1 0 |a Behavioural Biases in Investment Decisions of Individuals – a Case Study Approach  |b bakalárska práca  |c Ivana Gunišová ; školiteľ: Yuliya Petrenko 
264 1 |a Bratislava  |c 2024 
300 |a 45 s. 
100 1 |a Gunišová, Ivana 
700 1 |a Petrenko, Yuliya, 1985- 
710 2 |a Národohospodárska fakulta EU. Katedra financií